00225nam a2200085Ia 450000100070000000500170000700800410002424500530006526000210011871713920250826162958.0250824s9999 xx 000 0 und d 0aBÜTÜN ŞİİRLERİcCENAB ŞAHABEDDİN bDERGAH YAYINLARI